| 000 | 01069cam a2200289 a 4500 | ||
|---|---|---|---|
| 999 |
_c3022 _d3022 |
||
| 001 | 1055539 | ||
| 003 | GZU | ||
| 005 | 20201112121110.0 | ||
| 008 | 900831s1990 tnua b 000 0 eng | ||
| 010 | _a 90063115 | ||
| 020 |
_a9780917505201 _c$16.95 |
||
| 040 |
_aDLC _cDLC _dDLC |
||
| 050 | 0 | 0 |
_aHQ778.6 _bHAA 2005 |
| 082 | 0 | 0 |
_a372.5 _220 |
| 100 | 2 | _aHaas-Foletta, Karen. | |
| 245 | 1 | 0 |
_aSchool-age ideas and activities for after school programs / _cby Karen Haas-Foletta and Michele Cogley ; illustrated by Mary R. Thomason ; photos by Chris Powell. |
| 260 |
_aNashville, TN : _bSchool Age Notes, _c2005 |
||
| 300 |
_a224 p. : _bill. ; _c28 cm. |
||
| 500 | _aIncludes index | ||
| 504 | _aIncludes bibliographical references (p. 163-168). | ||
| 650 | 0 |
_aSchool-age child care _xActivity programs. |
|
| 650 | 0 | _aAfter-school programs. | |
| 700 | 1 | _aCogley, Michele. | |
| 906 |
_a7 _bcbc _corignew _d3 _eopcn _f19 _gy-gencatlg |
||
| 942 |
_2lcc _cBK _e2nd edition _h778.6 _iHAA _kHQ |
||